000 01251nam a2200301 c 4500
003 BLK
005 20180420213250.0
008 180412b bul|||||r ||||||| ||bul||
010 _aKNG00001458000
020 _a954-445-154-4
_bиздат.: Христо Ботев
040 _aBLK
041 _aBUL
_cBUL
080 _aБългарска литература
_b821.163.2
_x-193
_z821.163.2-193
100 1 _aСтефанов, Димитър
_eпърви автор
_gБъчваров, Димитър Стефанов
_9243101
700 1 _aБъчваров, Димитър Стефанов
_9243102
139 _aСтефанов, Димитър
_bС 75
245 1 0 _aГората на глухарчето
_bОпити за хайку
_cДимитър Стефанов; Димитър Стефанов Бъчваров.
257 _aBGR
260 София
_bХристо Ботев
_c1994
_fВ. Търново : Абагар
300 _a72 с.
_c20 см
380 _aX
500 _aПълното име на авт. е Димитър Стефанов Бъчваров. - 2 000 тир.
852 _aЦб 177228
856 4 _qpdf
_u
856 4 _qpdf
_u
942 _cKNG
_n0
944 _aCR
_c15.01.2003
_kAB_DOS
944 _aED
_c25.11.2016
_kКети_Илиева
999 _c833
_d833